000
00287pam a2200133 a 4500
020
_c
041
_h
082
_a
778.5343
_b
HIC
100
_a
R. Hicks/F. Schultz.
245
_a
Porliitng Nudes
_h
Textual Documents
250
_a
1996.
260
_a
Pune:
_b
Rotoivision.
930
_a
160
999
_c
233950
_d
233950